[Event "Top 12 Feminin Groupe A"]
[Site "Juvisy sur Orge"]
[Date "2018.05.08"]
[Round "5.6"]
[White "Steil-Antoni, Fiona"]
[Black "Cramling, Pia"]
[Result "0-1"]
[WhiteElo "2200"]
[BlackElo "2448"]
[PlyCount "48"]
[EventDate "2018.05.08"]

1. e4 {[%clk 1:28:30]} c5 {[%clk 1:29:48]} 2. c3 {[%clk 1:28:55]} d5
{[%clk 1:29:24]} 3. exd5 {[%clk 1:29:13]} Qxd5 {[%clk 1:29:16]} 4. d4
{[%clk 1:29:34]} Nf6 {[%clk 1:29:20]} 5. Nf3 {[%clk 1:29:51]} e6 {[%clk 1:29:21]}
6. Be2 {[%clk 1:26:12]} Be7 {[%clk 1:26:51]} 7. O-O {[%clk 1:25:44]} O-O
{[%clk 1:27:13]} 8. h3 {[%clk 1:23:06]} Nc6 {[%clk 1:24:46]} 9. Be3
{[%clk 1:21:32]} cxd4 {[%clk 1:24:56]} 10. Nxd4 {[%clk 1:19:22]} Nxd4
{[%clk 1:24:58]} 11. Qxd4 {[%clk 1:18:58]} e5 {[%clk 1:19:13]} 12. Qh4
{[%clk 1:14:28]} Be6 {[%clk 0:59:54]} 13. Rd1 {[%clk 1:09:22]} Qa5
{[%clk 0:59:53]} 14. Bd3 {[%clk 0:56:45]} Rfd8 {[%clk 0:57:37]} 15. Na3
{[%clk 0:45:46]} h6 {[%clk 0:50:56]} 16. Nc2 {[%clk 0:37:53]} Rd7
{[%clk 0:49:24]} 17. Qg3 {[%clk 0:31:08]} Kh8 {[%clk 0:38:14]} 18. Ne1
{[%clk 0:18:33]} Rad8 {[%clk 0:34:30]} 19. Bc2 {[%clk 0:14:10]} Rxd1
{[%clk 0:30:34]} 20. Bxd1 {[%clk 0:14:36]} Qb5 {[%clk 0:28:46]} 21. b3
{[%clk 0:09:27]} Ne4 {[%clk 0:25:22]} 22. c4 {[%clk 0:09:55]} Qa5
{[%clk 0:22:56]} 23. b4 {[%clk 0:08:44]} Qxb4 {[%clk 0:22:52]} 24. Nc2
{[%clk 0:08:33]} Qxc4 {[%clk 0:22:01]} 0-1

[Event "Top 12 Feminin Groupe A"]
[Site "Juvisy sur Orge"]
[Date "2018.05.08"]
[Round "5.7"]
[White "Dornbusch, Tatiana"]
[Black "Partac, Elena"]
[Result "1/2-1/2"]
[WhiteElo "2290"]
[BlackElo "2091"]
[PlyCount "93"]
[EventDate "2018.05.08"]

1. d4 {[%clk 1:30:55]} Nf6 {[%clk 1:27:57]} 2. Nf3 {[%clk 1:31:11]} e6
{[%clk 1:28:21]} 3. c4 {[%clk 1:31:28]} Bb4+ {[%clk 1:28:34]} 4. Nbd2
{[%clk 1:30:37]} O-O {[%clk 1:21:53]} 5. a3 {[%clk 1:25:07]} Bxd2+
{[%clk 1:17:59]} 6. Bxd2 {[%clk 1:25:20]} Ne4 {[%clk 1:18:09]} 7. Bf4
{[%clk 1:22:14]} d6 {[%clk 1:11:19]} 8. g3 {[%clk 1:17:43]} f5 {[%clk 1:04:05]}
9. Bg2 {[%clk 1:07:22]} Nd7 {[%clk 1:02:36]} 10. Nd2 {[%clk 1:06:21]} Nef6
{[%clk 0:45:42]} 11. Qb3 {[%clk 0:47:55]} e5 {[%clk 0:33:05]} 12. dxe5
{[%clk 0:40:35]} dxe5 {[%clk 0:32:29]} 13. Be3 {[%clk 0:40:52]} Qe7
{[%clk 0:23:51]} 14. O-O {[%clk 0:36:39]} c5 {[%clk 0:20:19]} 15. Rad1
{[%clk 0:30:19]} Rb8 {[%clk 0:16:34]} 16. Nb1 {[%clk 0:23:09]} b6
{[%clk 0:14:35]} 17. Qa4 {[%clk 0:18:22]} Bb7 {[%clk 0:11:57]} 18. Bxb7
{[%clk 0:04:32]} Rxb7 {[%clk 0:12:23]} 19. Qc6 {[%clk 0:04:19]} Nb8
{[%clk 0:08:18]} 20. Qd6 {[%clk 0:04:44]} Qxd6 {[%clk 0:07:00]} 21. Rxd6
{[%clk 0:05:12]} Ne4 {[%clk 0:07:25]} 22. Rd5 {[%clk 0:04:31]} Nc6
{[%clk 0:07:08]} 23. f3 {[%clk 0:02:40]} Nf6 {[%clk 0:07:03]} 24. Rd6
{[%clk 0:02:45]} Nd4 {[%clk 0:06:36]} 25. Nc3 {[%clk 0:02:27]} Re7
{[%clk 0:03:35]} 26. Bg5 {[%clk 0:02:40]} Rd7 {[%clk 0:02:15]} 27. Rxd7
{[%clk 0:02:09]} Nxd7 {[%clk 0:02:43]} 28. e3 {[%clk 0:01:43]} Ne6
{[%clk 0:01:14]} 29. Be7 {[%clk 0:01:51]} Rf7 {[%clk 0:01:19]} 30. Nd5
{[%clk 0:01:28]} Nc7 {[%clk 0:00:51]} 31. Nxc7 {[%clk 0:01:32]} Rxe7
{[%clk 0:01:16]} 32. Rd1 {[%clk 0:01:46]} Nf6 {[%clk 0:00:53]} 33. Rd8+
{[%clk 0:01:58]} Kf7 {[%clk 0:01:14]} 34. Nb5 {[%clk 0:01:23]} a6
{[%clk 0:00:44]} 35. Nd6+ {[%clk 0:00:48]} Ke6 {[%clk 0:01:09]} 36. e4
{[%clk 0:00:48]} g6 {[%clk 0:01:01]} 37. Nc8 {[%clk 0:00:32]} Rd7
{[%clk 0:01:08]} 38. Rxd7 {[%clk 0:00:42]} Nxd7 {[%clk 0:01:33]} 39. Kf2
{[%clk 0:00:54]} fxe4 {[%clk 0:00:55]} 40. fxe4 {[%clk 0:01:23]} b5
{[%clk 0:00:36]} 41. cxb5 {[%clk 0:00:52]} axb5 {[%clk 0:01:05]} 42. Na7
{[%clk 0:01:01]} b4 {[%clk 0:01:02]} 43. axb4 {[%clk 0:01:07]} cxb4
{[%clk 0:01:25]} 44. Nc6 {[%clk 0:01:14]} b3 {[%clk 0:01:17]} 45. Na5
{[%clk 0:01:15]} Nc5 {[%clk 0:01:39]} 46. Ke3 {[%clk 0:01:33]} Na4
{[%clk 0:00:49]} 47. Nxb3 {[%clk 0:01:37]} 1/2-1/2

[Event "Top 12 Feminin Groupe A"]
[Site "Juvisy sur Orge"]
[Date "2018.05.08"]
[Round "5.8"]
[White "De Talance, Berenice"]
[Black "Beresovska, Svetlana"]
[Result "0-1"]
[WhiteElo "1660"]
[BlackElo "1812"]
[PlyCount "86"]
[EventDate "2018.05.08"]



1. c4 {[%clk 1:27:08]} e5 {[%clk 1:29:06]} 2. g3 {[%clk 1:27:28]} Nf6
{[%clk 1:28:48]} 3. Bg2 {[%clk 1:27:43]} g6 {[%clk 1:27:01]} 4. Nc3
{[%clk 1:27:50]} Bg7 {[%clk 1:26:17]} 5. e3 {[%clk 1:28:00]} O-O {[%clk 1:24:33]}
6. Nge2 {[%clk 1:28:13]} c6 {[%clk 1:19:39]} 7. O-O {[%clk 1:25:12]} Re8
{[%clk 1:17:37]} 8. d4 {[%clk 1:24:31]} d6 {[%clk 1:16:05]} 9. b3
{[%clk 1:21:50]} Bf5 {[%clk 1:11:53]} 10. d5 {[%clk 1:20:48]} c5 {[%clk 0:58:04]}
11. e4 {[%clk 1:17:12]} Bd7 {[%clk 0:54:19]} 12. Bb2 {[%clk 1:11:33]} Na6
{[%clk 0:51:29]} 13. Qd2 {[%clk 1:09:37]} Nc7 {[%clk 0:49:13]} 14. f4
{[%clk 1:09:01]} Bh6 {[%clk 0:33:58]} 15. Qd3 {[%clk 1:01:11]} exf4
{[%clk 0:28:55]} 16. Nxf4 {[%clk 1:01:14]} Ng4 {[%clk 0:28:21]} 17. Nce2
{[%clk 0:38:57]} b5 {[%clk 0:23:08]} 18. Qc2 {[%clk 0:22:38]} b4 {[%clk 0:15:01]}
19. a3 {[%clk 0:19:39]} Ne3 {[%clk 0:12:54]} 20. Qd3 {[%clk 0:20:02]} Nxf1
{[%clk 0:12:54]} 21. Rxf1 {[%clk 0:20:26]} bxa3 {[%clk 0:12:07]} 22. Bxa3
{[%clk 0:16:40]} Bg7 {[%clk 0:11:54]} 23. Qf3 {[%clk 0:16:53]} Qe7
{[%clk 0:10:35]} 24. Nd3 {[%clk 0:15:20]} Na6 {[%clk 0:06:03]} 25. b4
{[%clk 0:15:23]} cxb4 {[%clk 0:05:12]} 26. Nxb4 {[%clk 0:15:44]} Nc5
{[%clk 0:04:39]} 27. Nc3 {[%clk 0:05:30]} Rf8 {[%clk 0:01:52]} 28. Nd3
{[%clk 0:04:56]} Bxc3 {[%clk 0:01:46]} 29. Nxc5 {[%clk 0:05:15]} Bd4+
{[%clk 0:02:03]} 30. Kh1 {[%clk 0:05:37]} dxc5 {[%clk 0:02:11]} 31. Bc1
{[%clk 0:04:58]} Bg7 {[%clk 0:01:27]} 32. Bf4 {[%clk 0:05:11]} h5
{[%clk 0:01:31]} 33. Qe3 {[%clk 0:04:26]} Bd4 {[%clk 0:01:34]} 34. Qd2
{[%clk 0:04:15]} a5 {[%clk 0:01:20]} 35. Re1 {[%clk 0:03:18]} Be5
{[%clk 0:01:26]} 36. Re2 {[%clk 0:01:03]} Bxf4 {[%clk 0:00:50]} 37. Qxf4
{[%clk 0:01:03]} Rab8 {[%clk 0:01:07]} 38. h3 {[%clk 0:01:09]} Rb1+
{[%clk 0:00:54]} 39. Kh2 {[%clk 0:01:33]} f6 {[%clk 0:01:05]} 40. e5
{[%clk 0:00:58]} fxe5 {[%clk 0:01:12]} 41. Rxe5 {[%clk 0:00:40]} Rxf4
{[%clk 0:01:11]} 42. Rxe7 {[%clk 0:01:01]} Rf7 {[%clk 0:01:25]} 43. Re2
{[%clk 0:00:57]} a4 {[%clk 0:01:31]} 0-1